000 01467cam a22004214i 4500
003 PE-LiUPU
005 20250731173157.0
008 150623s r 000 0 d
035 _a(Sirsi) a29179
040 _aPE-LiUPU
_bspa
_cPE-LiUPU
_erda
082 0 4 _a291.32
_bP.66
_221
100 1 _aPiobb, Pierre,
_d1874-1942 ,
_eautor.
245 1 0 _aLe Sort de l'Europe d'après la célèbre Prophétie des Papes de Saint Malachie accompagnée de la Prophétie d'Orval et des toutes dernières Indications de Nostradamus /
_cPierre-Vincenti Piobb.
264 1 _aParis,
_c1939.
300 _a261 páginas.
336 _atext
_2rdacontent
337 _aunmediated
_2rdamedia
338 _avolume
_2rdacarrier
526 _aSEG42
526 _aSEG41
526 _aSEG40
526 _aSEG39
526 _aP94
526 _aP87
526 _aP86
526 _aP85
526 _aP77
526 _aP76
526 _aP35
600 0 4 _aNostradamus
_d1503-1566.
650 0 4 _aIglesia Católica
_xProfecías.
650 0 4 _aFrancia
_xHistoria.
942 _2ddc
_cBOOK
949 _a291.32 P.66
_wDEWEY
_c1
_i00135
_lCCODEBUL1
_mBUL
_p00.00
_r0
_sY
_tBOOK
_u2015-06-24
_xBIBLIOTECA
_zUNKNOWN
_0COMPRA
_o.STAFF. Colección General
596 _a1
999 _a291.32 P.66
_wDEWEY
_c36508
_i00135
_f2021-11-12
_g5
_lCCODEBUL1
_mBUL
_r0
_sY
_tBOOK
_u2015-6-24
_xTEOLOGIA
_zUNKNOWN
_0COMPRA
_o.STAFF. Colección General
_d36508
980 _81
_gALBERTO SANCHEZ Responsable de Automatización